000 00284nam a22001337a 4500
003 SGT
082 _a615.53
_bK17S
100 _aSHARMA , AJAY KUMAR
245 _aKAYACHIKITSHA
260 _aDELHI
_bCHAUKHAMBHA PUB
_c2017
300 _a949
650 _aAYURVEDA
942 _2ddc
_cBK
_045
999 _c11513
_d11513